| 000 | 00458nam a2200145 a 4500 | ||
|---|---|---|---|
| 001 | 000035947 | ||
| 005 | 20200930074737.0 | ||
| 008 | 111121s2005 dr r 000 0 spa d | ||
| 040 |
_aDO-SdBNP _bspa _cBNPHU |
||
| 082 |
_axxxx _bxxxx |
||
| 245 | 0 | 0 |
_aArchivo Conrado : _bfotografía histórica dominicana l 1939-1943. |
| 260 |
_aSanto Domingo : _bCentro Cultural de España, _c2005. |
||
| 300 |
_a48 p. : _bil., retrs. ; _c26 cm. |
||
| 590 | _aInventariado, 2019/BT | ||
| 999 |
_c35438 _d35438 |
||